| 000 | 00888nam2a2200253 4500 | ||
|---|---|---|---|
| 001 | RU\NLR\bibl\1096460 | ||
| 005 | 20250615054044.0 | ||
| 010 |
_a978-5-902802-21-1 _92000 _bч. 2 |
||
| 021 |
_aRU _b2007-31236 _91658 |
||
| 035 | _a(NLR Aleph) 001083571 | ||
| 090 |
_a1073801 _c1073801 |
||
| 100 | _a20070609d2007 |||y0rusy50 ca | ||
| 101 | 0 | _arus | |
| 102 | _aRU | ||
| 105 | _aa ||||||||| | ||
| 200 | 1 | _aВстреча над пропастью | |
| 210 |
_d2007 _aБ. м. |
||
| 215 |
_a206 с. _cил. |
||
| 461 | 0 |
_1001RU\NLR\bibl\1181769 _12001#$aЭто всего лишь сон$vЧ. 2 _91581564 _aЮнязова, О. П. _cОрел _d2007 _fОльга Юнязова _nСветлана Зенина _o[в 3 ч.] _tЭто всего лишь сон _y978-5-902802-20-4 _vЧ. 2 |
|
| 801 | 0 |
_aRU _bNLR _c20070609 _gRCR |
|
| 801 | 1 |
_aRU _bNLR _c20070609 |
|
| 942 | _cBOOK | ||
| 980 | _aNB | ||